000 00381nam a2200157Ia 4500
008 230917s9999||||xx |||||||||||||| ||und||
040 _e81069
_aMAIN
041 _aEnglish
082 _a346.03 W726O
100 _aWinfield
245 0 _aWinfiedl and Jolowica on tort
250 _a10th ed.
260 _aLondon
_bSweet & Maxwell
_c1975
300 _aliii, 672 p.
942 _cBK
999 _c187154
_d187154